Statistiques concernant Les vêtements

Cliquez ici pour prendre le quiz!

Statistiques générales

  • Ce quiz a été pris 164 fois
  • Le résultat moyen est 27 sur 38

Statistiques - réponses

Réponse% Correct
chemise
96%
gant
95%
casquette
93%
robe
93%
ceinture
89%
chapeau
89%
chaussette
89%
cravatte
89%
lunettes
89%
jupe
88%
écharpe
86%
jean
86%
soutien-gorge
85%
manteau
84%
short
84%
botte
82%
bas
79%
veste
78%
maillot de bain
76%
parapluie
76%
caleçon
75%
pantalon
73%
nœud papillon
72%
pantoufle
71%
costume
69%
pyjama
68%
collants
66%
lunettes de soleil
65%
gilet
63%
sandale
63%
tee-shirt
61%
chemisier
53%
imperméable
45%
mouchoir
42%
pull-over
38%
tailleur
35%
tennis
19%
cardigan
18%

Distribution des résultats

Percentile par nombre de réponses

% des personnes avec chaque résultat

Votre développement - résultats

Vous n’avez pas pris ce quiz